000
00176nam a22000857a 4500
001
1254783
005
20251125082819.0
245
_a
BÖCEK ÇOCUK
_c
M.G.LEONARD
260
_b
DOMİNGO
999
_c
1254783
_d
1254783